000 00571nam a2200169 i 4500
001 62757
003 ES-MaACL
005 20230906164726.0
007 t|
008 031125s1972 sp ||||1| spa d
100 1 _aFernández Marcos, N.
_949890
245 1 0 _aAnotaciones críticas al texto griego del génesis y estudios de sus grupos textuales /
_cpor N. Fernández Marcos y A. Sáez Badillos.
260 _aMadrid :
_b[Instituto Arias Montano],
_c1972.
300 _a125 p. ;
_c22 cm.
700 0 _aSáez Badillos, A.
_9101360
852 _aES-MaACL
_jC-47496
_bR.82251
999 _c62757
_d62757